000 00322nam a22001337a 4500
008 170405b xxu||||| |||| 00| 0 eng d
020 _a0815104219
041 _aeng
080 _24TH
_a616.34
100 _a9
101 _aSHM
245 _aCURRENT THERAPY IN GASTROENTEROLOGY AND LIVER DISEASE
_cBAYLESS
942 _2udc
_cBK
999 _c9866
_d9866